Education reform in Northern Ireland: maintaining the distance (Record no. 22104)

000 -LEADER
fixed length control field 00373pab a2200133 454500
008 - FIXED-LENGTH DATA ELEMENTS--GENERAL INFORMATION
fixed length control field 180718b xxu||||| |||| 00| 0 eng d
100 ## - MAIN ENTRY--PERSONAL NAME
Personal name McKeown, Penny
245 ## - TITLE STATEMENT
Title Education reform in Northern Ireland: maintaining the distance
650 ## - SUBJECT ADDED ENTRY--TOPICAL TERM
Topical term or geographic name entry element Education
650 ## - SUBJECT ADDED ENTRY--TOPICAL TERM
Topical term or geographic name entry element Education - Ireland
700 ## - ADDED ENTRY--PERSONAL NAME
Personal name Connolly, Michael
773 ## - HOST ITEM ENTRY
Main entry heading Journal of Social Policy
909 ## -
-- 22104
Holdings
Withdrawn status Lost status Damaged status Not for loan Permanent Location Current Location Date acquired Serial Enumeration / chronology Barcode Date last seen Price effective from Koha item type
        Indian Institute of Public Administration Indian Institute of Public Administration 2018-07-19 Issue no: 21(2) Apr.92, p.211-32 AR22173 2018-07-19 2018-07-19 Articles

Powered by Koha